Ultra Capital Cities of US States - Statistics

General Stats
  • This quiz has been taken 39 times
  • The average score is 14 of 17
Answer Stats
Ultra Capital Population % Correct
Phoenix 1,608,139
100%
Oklahoma City 681,054
93%
Atlanta 498,715
90%
Columbus 905,748
90%
Denver 715,522
90%
Indianapolis 887,642
90%
Boston 655,647
86%
Honolulu 350,964
86%
Salt Lake City 199,723
86%
Boise 235,684
83%
Jackson 153,701
79%
Little Rock 202,591
79%
Providence 190,934
79%
Cheyenne 64,019
76%
Columbia 136,632
72%
Des Moines 214,133
72%
Charleston 51,400
69%
No matching quizzes found
Score Distribution
Percent of People with Each Score
Percentile by Number Answered
Your Score History
You have not taken this quiz